000 00462nam a22001697a 4500
003 BD-ChCU
005 20260429090500.0
008 260429b bg ||||| |||| 00| 0 ben d
040 _cBD-ChCU
082 _a582.13 TOD
100 _aTorrey , John G.
_922029
245 _aDevelopment in flowering plants ./
_cJohn G ,Torrey .
260 _aLondon :
_bMacmillan
_cC 1969
300 _aviii , 184p.
650 0 _aFlowers . Botany .
_922030
942 _2ddc
_cBK
_n0
999 _c112493
_d112493